[Event "Al Ain op 4th"]
[Site "Al Ain"]
[Date "2015.12.30"]
[Round "9"]
[White "Saiid, Samir"]
[Black "Algildah, Khalid"]
[Result "0-1"]
[WhiteElo "2200"]
[BlackElo "2086"]
[PlyCount "72"]
[EventDate "2015.12.23"]
[EventType "swiss"]
[EventRounds "9"]
[EventCountry "UAE"]
[SourceTitle "CBM 170 Extra"]
[Source "ChessBase"]
[SourceDate "2016.02.25"]
[SourceVersion "1"]
[SourceVersionDate "2016.02.25"]
[SourceQuality "1"]

1. e4 g6 2. d4 Bg7 3. Nf3 c6 4. Be2 d5 5. e5 Bg4 6. h3 Bxf3 7. Bxf3 e6 8. c3 c5 9. Qb3 Qc7 10. Na3 a6 11. Be3 Ne7 12. g4 Nbc6 13. dxc5 Nxe5 14. Be2 0-0 15. Qc2 Nd7 16. h4 Nxc5 17. h5 Ne4 18. Bd3 b5 19. Bxe4 dxe4 20. 0-0-0 Rfc8 21. Kb1 Rab8 22. Qxe4 Nd5 23. hxg6 hxg6 24. Bd4 b4 25. Bxg7 Kxg7 26. Nc2 b3 27. axb3 Nxc3+ 28. bxc3 Rxb3+ 29. Kc1 Rxc3 30. Rd2 Rc4 31. Qd3 Qa5 32. Qb3 Rb4 33. Rh7+ Kxh7 34. Qh3+ Kg8 35. Kd1 Rb1+ 36. Ke2 Rxc2 0-1